000 00446nam a2200181Ia 4500
001 10733
005 20260306161854.0
008 260306t1965||||xx |||||||||||||| ||spa||
041 _aESP
082 _a946.5
_bC31
100 _aCarrillo, Santiago
_eAUT
245 0 _aJulián Grimau:
_bEl hombre. El crimen. La protesta
260 _c1965
300 _a295 páginas :
_c21 cm.
650 _aGEN
654 _aCHU
942 _cLIB
_dJUS
_fJUS
_2ddc
_n
999 _c10733
_d10733